000 00961nam a2200289 i 4500
001 000006826
003 DO-SdBNP
005 20260114121206.0
007 ta
008 090903s19uu dr ab 000 0 spa d
040 _aDO-SdBNP
_bspa
_cBNPHU
_erda
082 4 _a320.4
_bN964m
_222
100 1 _aNuñez y Castillo, Rafael S.
_918970
_eautor
245 1 0 _aManual de educación moral y cívica y urbanidad /
_cRafael Nuñez y Castillo, Rosa Amelia Vincent Cepeda.
260 _aSanto Domingo :
_b[s.n.]
_a199?
264 _aSanto Domingo :
_bAmigo del Hogar,
_csin fecha
300 _a79 páginas :
_bilustraciones, mapas ;
_c23 cm.
336 _2rdacontent
_atexto
_btxt
337 _2rdamedia
_asin mediación
_bn
338 _2rdacarrier
_avolumen
_bnc
504 _aBibliográfía : p. 79
590 _aInventariado, 2023/BT
650 0 _aEducación cívica
_91206
700 1 _aVincent Cepeda, Rosa Amelia
_91213
910 _aBtavárez
942 _2ddc
_cLBS1
999 _c6614
_d6614